| 000 | 00507nam a22001577a 4500 | ||
|---|---|---|---|
| 008 | 230531b |||||||| |||| 00| 0 eng d | ||
| 040 |
_aNational Science Library _cNational Science Library |
||
| 080 |
_a621.039 _bN8.1 |
||
| 245 |
_aNuclear technologies, information & isotope products _c/ Department of Atomic Energy |
||
| 260 |
_8Bombay: _aDepartment of Atomic Energy, _b1998 |
||
| 300 | _a159p. | ||
| 500 | _aVol. 1; 159p. Vol. 2; 159p. | ||
| 650 | _aScience | ||
| 653 | _aResearch | ||
| 942 |
_2udc _cBK |
||
| 999 |
_c37410 _d37410 |
||